000 00414nam a22001577a 4500
003 OSt
008 200714b ||||| |||| 00| 0 eng d
020 _a9789388194587
100 _a Bothara, K. G
245 _aText book of Pharmaceutical Organic Chemistry-II
250 _a2nd
260 _aNew Delhi
_bNirali Prakashan
_c2019
300 _aMisc
650 _aPharmaceutical Inorganic chemistry
942 _2ddc
_cBK
999 _c8950
_d8950